Köy Enstitüleri ve öğretmen yetiştirme (Record no. 136)

MARC details
000 -BAŞLIK
Sabit Uzunlukta Kontrol Alanı 00924na a2200253 4500
001 - KONTROL NUMARASI
Denetim Alanı 20259
003 - KONTROL NUMARASI IDENTIFIER
Denetim Alanı MIRAKIL
005 - SON İŞLEM TARİHİ VE ZAMANI
Denetim Alanı 20181213154735.0
008 - SABİT-BOY VERİ ELEMANLARI - GENEL BİLGİLER
Sabit Uzunlukta Kontrol Alanı 170116b tu 000 0
020 ## - ULUSLARARASI STANDART KİTAP NUMARASI
Uluslararası Standart Kitap Numarası 9754826455
040 ## - KATALOGLAMA KAYNAK
Orijinal Kataloglama Ajansı Milas
Kataloglama Dili tur
Metne Dönüştürmek Ajansı TR-AnCHP
041 ## - DİL KODU
Metin / Ses Parça Veya Ayrı Başlığın Dil Kodu tur
082 ## - DEWEY ONLU SINIFLANDIRMA NUMARASI
Sınıflandırma Numarası 379.561
Ürün Numarası K79 2004
090 ## - SINIFLAMA NUMARASI
Sınıflama Numarası 379.561 K79 2004
245 ## - BAŞLIK TABLOSU
Başlık Köy Enstitüleri ve öğretmen yetiştirme
Başlığın Kalan panel tartışmaları 26 Nisan 2002-21 Mayıs 2004
Sorumluluk Tablosu, Vb yayıma hazırlayanlar Ayşe Çakır İlhan, Fatma Hazır Bıkmaz
260 ## - YAYIN, DAĞITIM, VB
Yayın, Dağıtım, Vb Yeri Ankara
Yayıncı, Dağıtıcı, Vs Adı Ankara Üniversitesi Eğitim Bilimleri Fakültesi Yayınları
Yayın, Dağıtım, Vb Tarihi 2004
300 ## - FİZİKSEL TANIM
Kapsam 74 s.
Boyutlar 23 sm.
490 ## - SERİSİ TABLOSU
Seri Beyanı Ankara Üniversitesi Eğitim Bilimleri Fakültesi Yayınları
Hacim / Ardışık Tanımı 195
650 ## - KONU KATMA GİRİŞ - TOPİKAL DÖNEM
Topikal Süreli Veya Coğrafi Ad Giriş Elemanı Köy enstitüleri
Genel Alt Bölümü Tartışmalar
650 ## - KONU KATMA GİRİŞ - TOPİKAL DÖNEM
Topikal Süreli Veya Coğrafi Ad Giriş Elemanı Köy enstitüleri
Genel Alt Bölümü Öğretmen yetiştirme
Coğrafi Alt Bölümü Türkiye
700 ## - KATMA GİRİŞ - KİŞİSEL İSİM
Kişisel Ad Bıkmaz, Fatma Hazır
700 ## - KATMA GİRİŞ - KİŞİSEL İSİM
Kişisel Ad İlhan, Ayşe Çakır
942 ## - EKLENDİ GİRİŞ ELEMANLARI (KOHA)
Sınıflandırma Veya Raf Düzeni Kaynak Dewey Decimal Classification
Koha Öğesi Türü Books
999 ## - SİSTEM KONTROL NUMARALARI (KOHA)
Koha Biblionumber 136
Koha Biblioitemnumber 136
Holdings
Kalıcı Konum Mevcut Konum Edinme Tarihi Edinim Kaynak Toplam Check-Out'Lar Tam Çağrı Numarası Barkod Tarih Son Görülme İtibaren Geçerli Fiyatlar Koha Öğesi Türü
CHP Kütüphanesi CHP Kütüphanesi 01/16/2017 Bağış   379.561 K79 2004 010975 01/16/2017 01/16/2017 Books